00505nam a2200181 a 4500001001300000003000900013005001700022008004100039020001100080082001600091245003800107260004000145300000800185500003500193505004700228650002200275710002600297nice12345678IN_TiNIC20260116012909.0050524s1959 iraa grp 000 0 urd  ac0.1500a954.84bIDA aYaadgaar Yaom Mohd.Quli Qutb Shah aIranbIdara-I-Adabiyat-I-Urduc1959 a16p aincludes index and biblioraphy2 aFoot notes by Maulana Maulvi Ilahi Bakhsh. aHyderabad-History2 aIdara-E-Adabiyat-Urdu